Top Goal Scorers of all time in Football - Statistics

General Stats
  • This quiz has been taken 580 times
  • The average score is 7 of 15
Answer Stats
Goals Player % Correct
821 Messi
100%
869 Ronaldo
100%
762 Pele
94%
611 Lewandowski
69%
557 Suarez
65%
724 Puskas
54%
634 Muller
47%
561 Ibrahimovic
40%
755 Romario
33%
619 Eusebio
30%
722 Bican
24%
648 Jones
5%
629 Bambrick
3%
624 Lenstra
3%
563 Ferguson
2%
No matching quizzes found
Score Distribution
Percent of People with Each Score
Percentile by Number Answered
Your Score History
You have not taken this quiz